<?xml version="1.0" encoding="UTF-8"?>
<record
    xmlns:xsi="http://www.w3.org/2001/XMLSchema-instance"
    xsi:schemaLocation="http://www.loc.gov/MARC21/slim http://www.loc.gov/standards/marcxml/schema/MARC21slim.xsd"
    xmlns="http://www.loc.gov/MARC21/slim">

  <leader>00792nam a2200217 i 4500</leader>
  <controlfield tag="001">33477</controlfield>
  <controlfield tag="003">ES-MaACL</controlfield>
  <controlfield tag="005">20251112122611.0</controlfield>
  <controlfield tag="007">t|</controlfield>
  <controlfield tag="008">030202s1961    sp           |||| | spa d</controlfield>
  <datafield tag="130" ind1="0" ind2=" ">
    <subfield code="a">Biblia. </subfield>
    <subfield code="p">A. T. </subfield>
    <subfield code="l">Espa&#xF1;ol</subfield>
    <subfield code="9">119256</subfield>
  </datafield>
  <datafield tag="245" ind1="1" ind2="3">
    <subfield code="a">El cantar de los cantares </subfield>
    <subfield code="b">; El libro de los proverbios ; Eclesiast&#xE9;s ; Sabidur&#xED;a de Salom&#xF3;n / </subfield>
    <subfield code="c">texto, Salom&#xF3;n ; traducci&#xF3;n y comentarios, Fray Luis de Le&#xF3;n ; ilustraci&#xF3;n, Chico Prats.</subfield>
  </datafield>
  <datafield tag="260" ind1=" " ind2=" ">
    <subfield code="a">[Barcelona : </subfield>
    <subfield code="b">Manucci, </subfield>
    <subfield code="c">1961]</subfield>
  </datafield>
  <datafield tag="300" ind1=" " ind2=" ">
    <subfield code="a">406 p., 6 l&#xE1;m. ; </subfield>
    <subfield code="c">18 cm.</subfield>
  </datafield>
  <datafield tag="700" ind1="1" ind2=" ">
    <subfield code="a">Le&#xF3;n, Luis de, </subfield>
    <subfield code="d">1527-1591</subfield>
    <subfield code="9">71583</subfield>
  </datafield>
  <datafield tag="700" ind1="1" ind2=" ">
    <subfield code="a">Chico Prats, </subfield>
    <subfield code="d">1916-2006</subfield>
    <subfield code="9">166720</subfield>
  </datafield>
  <datafield tag="740" ind1="3" ind2="2">
    <subfield code="a">El libro de los proverbios.</subfield>
  </datafield>
  <datafield tag="740" ind1="0" ind2="2">
    <subfield code="a">Eclesiast&#xE9;s.</subfield>
  </datafield>
  <datafield tag="852" ind1=" " ind2=" ">
    <subfield code="a">ES-MaACL</subfield>
    <subfield code="j">C-22646</subfield>
  </datafield>
  <datafield tag="999" ind1=" " ind2=" ">
    <subfield code="c">33477</subfield>
    <subfield code="d">33477</subfield>
  </datafield>
  <datafield tag="952" ind1=" " ind2=" ">
    <subfield code="0">0</subfield>
    <subfield code="1">0</subfield>
    <subfield code="4">0</subfield>
    <subfield code="7">0</subfield>
    <subfield code="a">ATENEOM</subfield>
    <subfield code="b">ATENEOM</subfield>
    <subfield code="c">Galer&#xED;a</subfield>
    <subfield code="d">2008-01-17</subfield>
    <subfield code="e">SC</subfield>
    <subfield code="l">0</subfield>
    <subfield code="o">C-22646</subfield>
    <subfield code="p">1034832</subfield>
    <subfield code="r">2023-02-23 00:00:00</subfield>
    <subfield code="w">2023-02-23</subfield>
    <subfield code="y">MONOGRAFIA</subfield>
  </datafield>
</record>
